| 000 | 00484nam a22001697a 4500 | ||
|---|---|---|---|
| 003 | NUST | ||
| 005 | 20250217154741.0 | ||
| 008 | 171004b xxu||||| |||| 00| 0 eng d | ||
| 040 | _cNUST | ||
| 082 | _a200 | ||
| 100 |
_aTahreem,Fareeha _95245 |
||
| 245 |
_aInclusive growth through financial inclusion: evidence from Pakistan/ _cFareeha Tahreem, |
||
| 260 |
_aIslamabad _c2017 |
||
| 300 | _a59p | ||
| 856 | _uhttp://10.250.8.41:8080/xmlui/handle/123456789/3620 | ||
| 942 |
_2ddc _cSC |
||
| 999 |
_c331580 _d331580 |
||